MARC

LEADER 00000nam0a2200000 4500
001 364179
005 20231102011649.0
035 |a (RuTPU)RU\TPU\retro\21537 
090 |a 364179 
100 |a 20211029d1981 m y0rusy50 ca 
101 0 |a rus 
102 |a RU 
105 |a a j 001zy 
200 1 |a Пожарно-техническое вооружение  |e учебник для пожарно-технических училищ  |f М. Д. Безбородько, П. П. Алексеев, А. Ф. Иванов [и др.] 
205 |a 2-е изд., перераб. и доп. 
210 |a Москва  |c Стройиздат  |d 1981 
215 |a 376 с.  |c ил. 
320 |a Библиогр.: с. 373 
606 1 |a Пожарное оборудование  |2 stltpush  |3 (RuTPU)RU\TPU\subj\49941  |9 68701 
610 1 |a учебники 
610 1 |a материаловедение 
610 1 |a термическая обработка 
610 1 |a металлы 
610 1 |a защита 
610 1 |a пожарная техника 
610 1 |a пожарная охрана 
610 1 |a дыхательная аппаратура 
610 1 |a пожарные насосы 
610 1 |a пожарные помпы 
610 1 |a пенные аппараты 
610 1 |a огнетушители 
610 1 |a пожарные рукава 
675 |a 614.843(075.3)  |v 4 
701 1 |a Безбородько  |b М. Д.  |g Михаил Дмитриевич 
701 1 |a Алексеев  |b П. П.  |g Петр Петрович 
701 1 |a Иванов  |b А. Ф.  |g Анатолий Филиппович 
701 1 |a Конопкин  |b Н. Ф.  |g Николай Филиппович 
701 1 |a Максимов  |b Б. А.  |g Борис Александрович 
701 1 |a Минаев  |b Н. А.  |g Николай Алексеевич 
801 1 |a RU  |b 63413507  |c 20211029 
942 |c BK